[Event "Quebec op inv."]
[Site "Montreal CAN"]
[Date "2013.07.24"]
[Round "5.16"]
[White "Chandra, Akshat"]
[Black "Villavieja, Butch"]
[Result "1-0"]
[WhiteElo "2312"]
[BlackElo "2211"]
[PlyCount "87"]
[GameId "2160767909305316"]
[EventDate "2013.07.21"]
[EventType "swiss"]
[EventRounds "9"]
[EventCountry "CAN"]

1. e4 c5 2. Nf3 Nc6 3. d4 cxd4 4. Nxd4 g6 5. Nc3 Bg7 6. Be3 d6 7. f3 Nf6 8. Qd2 O-O 9. O-O-O d5 10. exd5 Nxd5 11. Nxc6 bxc6 12. Bd4 e5 13. Bc5 Be6 14. Ne4 Re8 15. h4 h5 16. g4 Nf4 17. Qe1 Qc7 18. g5 Bd5 19. Rh2 Red8 20. Rhd2 Ne6 21. Bf2 Nd4 22. Qe3 Qa5 23. a3 Rab8 24. Nf6+ Kh8 25. Qxe5 Nxf3 26. Rxd5 cxd5 27. Qf4 d4 28. Qxf3 Qb6 29. b3 Qc5 30. b4 Qc3 31. Qxc3 dxc3 32. Bc4 Rxd1+ 33. Kxd1 Rd8+ 34. Bd3 Bf8 35. Bxa7 Ra8 36. Bd4 Rxa3 37. Nxh5+ Kg8 38. Nf6+ Kh8 39. b5 Ra4 40. Bxc3 Bb4 41. Bxb4 Rxb4 42. c4 Kg7 43. c5 Kf8 44. c6 1-0

[Event "Quebec op inv."]
[Site "Montreal CAN"]
[Date "2013.07.24"]
[Round "5.17"]
[White "Masse, Hugues"]
[Black "Adithya, B."]
[Result "0-1"]
[WhiteElo "2187"]
[BlackElo "2301"]
[PlyCount "110"]
[GameId "2160767909305317"]
[EventDate "2013.07.21"]
[EventType "swiss"]
[EventRounds "9"]
[EventCountry "CAN"]

1. d4 Nf6 2. c4 g6 3. g3 Bg7 4. Bg2 d5 5. cxd5 Nxd5 6. Nf3 O-O 7. O-O Nb6 8. Nc3 Nc6 9. e3 Re8 10. Re1 a5 11. d5 Bxc3 12. bxc3 Nxd5 13. Qc2 Nb6 14. Rd1 Bf5 15. Qe2 Qc8 16. Nd4 Bg4 17. f3 Bd7 18. f4 Bg4 19. Bf3 Bxf3 20. Qxf3 Na7 21. Rb1 Na4 22. e4 Rd8 23. Bd2 c5 24. Nb3 c4 25. Nd4 Nc6 26. Be1 Nxd4 27. Rxd4 Rxd4 28. cxd4 b5 29. Rxb5 c3 30. Qe3 Qc4 31. Rb3 Rc8 32. Kg2 c2 33. Bd2 c1=Q 34. Bxc1 Qxc1 35. Qxc1 Rxc1 36. Rb5 Nc3 37. Rxa5 Rc2+ 38. Kf3 Rxa2 39. Rxa2 Nxa2 40. Ke3 Nb4 41. d5 f5 42. exf5 Nxd5+ 43. Kd4 Nf6 44. fxg6 hxg6 45. Ke5 Ng4+ 46. Ke6 Nxh2 47. Kxe7 Ng4 48. Ke6 Kg7 49. Ke7 Nf6 50. Ke6 Nh5 51. f5 g5 52. Ke7 g4 53. Ke6 Nxg3 54. f6+ Kf8 55. Ke5 Nh5 0-1

[Event "Quebec op inv."]
[Site "Montreal CAN"]
[Date "2013.07.24"]
[Round "5.19"]
[White "Song, Michael"]
[Black "Rodriguez, Eric"]
[Result "1-0"]
[WhiteElo "2242"]
[BlackElo "2290"]
[PlyCount "87"]
[GameId "2160767909305319"]
[EventDate "2013.07.21"]
[EventType "swiss"]
[EventRounds "9"]
[EventCountry "CAN"]

1. d4 d5 2. c4 c6 3. Nf3 Nf6 4. Qc2 dxc4 5. Qxc4 Bg4 6. Nc3 Nbd7 7. e4 Bxf3 8. gxf3 e5 9. Be3 exd4 10. Bxd4 Bd6 11. O-O-O Qc7 12. Bh3 O-O 13. Rhg1 Ne5 14. Qe2 Nh5 15. Bf5 Rad8 16. Kb1 Ng6 17. e5 Bb4 18. Qe4 Nhf4 19. h4 c5 20. Be3 Bxc3 21. Bxf4 Qb6 22. Bc1 Rd4 23. Rxd4 Bxd4 24. e6 Ne5 25. exf7+ Kh8 26. f4 Nxf7 27. Bxh7 Qf6 28. Bg6 Nh6 29. h5 b5 30. Rd1 a5 31. Qe2 Nf5 32. Qxb5 Bxf2 33. Qe2 Bd4 34. Re1 Nh4 35. f5 a4 36. Qe6 Qd8 37. h6 a3 38. hxg7+ Bxg7 39. Qe4 Bf6 40. Rh1 Qe7 41. Qf4 axb2 42. Bxb2 Kg8 43. Qc4+ Kg7 44. Qxh4 1-0

[Event "Quebec op inv."]
[Site "Montreal CAN"]
[Date "2013.07.24"]
[Round "5.20"]
[White "Tomb, Maroun"]
[Black "Calugar, Arthur"]
[Result "1/2-1/2"]
[WhiteElo "2133"]
[BlackElo "2282"]
[PlyCount "95"]
[GameId "2160767909305320"]
[EventDate "2013.07.21"]
[EventType "swiss"]
[EventRounds "9"]
[EventCountry "CAN"]

1. c4 Nf6 2. Nc3 c5 3. g3 Nc6 4. Bg2 d6 5. Nf3 e5 6. O-O Be7 7. d3 O-O 8. a3 Bd7 9. Rb1 Qc8 10. b4 cxb4 11. axb4 Bh3 12. b5 Nd8 13. Bg5 Qg4 14. Bxf6 Bxf6 15. Nd5 Ne6 16. Nxf6+ gxf6 17. Bxh3 Qxh3 18. e4 Qg4 19. Nh4 Qxd1 20. Rfxd1 Nd4 21. Kg2 a5 22. bxa6 bxa6 23. Rb6 a5 24. Nf5 Nxf5 25. exf5 Rfd8 26. Ra1 d5 27. Rxf6 dxc4 28. dxc4 Rd2 29. Rb6 a4 30. Ra3 Rc2 31. Rb4 Rd8 32. Rbxa4 Rdd2 33. Rf3 e4 34. Rf4 e3 35. Rg4+ Kf8 36. Ra8+ Ke7 37. Re4+ Kd6 38. Rxe3 Rxf2+ 39. Kh3 h5 40. Kh4 Rxf5 41. h3 Rxc4+ 42. g4 hxg4 43. hxg4 Rff4 44. Rd8+ Kc7 45. Rg8 f5 46. Kh5 fxg4 47. Rg3 Rf2 48. R8xg4 1/2-1/2

[Event "Quebec op inv."]
[Site "Montreal CAN"]
[Date "2013.07.24"]
[Round "5.22"]
[White "Van Heirzeele, Daniel"]
[Black "Hamilton, Robert"]
[Result "1-0"]
[WhiteElo "2116"]
[BlackElo "2251"]
[PlyCount "87"]
[GameId "2160767909305322"]
[EventDate "2013.07.21"]
[EventType "swiss"]
[EventRounds "9"]
[EventCountry "CAN"]

1. d4 Nf6 2. c4 e6 3. g3 c5 4. Nf3 cxd4 5. Nxd4 Qb6 6. Bg2 Bc5 7. e3 Nc6 8. O-O O-O 9. Nb3 Be7 10. Nc3 d6 11. e4 Ne5 12. Nd2 Nd3 13. Qb3 Qa5 14. Nd5 Nxd5 15. Qxd3 Nb4 16. Qb3 Rb8 17. a3 Nc6 18. Qd1 Ne5 19. b4 Qc7 20. Qb3 b6 21. Bb2 Bf6 22. Rfd1 Bb7 23. Rac1 Rbc8 24. h3 Rfd8 25. Kh2 a5 26. f4 Nd7 27. Bxf6 Nxf6 28. Qe3 Nd7 29. Nf3 e5 30. Nh4 axb4 31. axb4 Ba6 32. Nf5 Nf8 33. b5 Bb7 34. Rc2 Rd7 35. fxe5 dxe5 36. Rxd7 Qxd7 37. Qxb6 Rd8 38. c5 Bc8 39. c6 Qd3 40. Ne7+ Kh8 41. Nxc8 Rxc8 42. Qb7 Re8 43. Qxf7 Ra8 44. Ra2 1-0

[Event "Quebec op inv."]
[Site "Montreal CAN"]
[Date "2013.07.24"]
[Round "5.23"]
[White "Voskanyan, Vahagn"]
[Black "Caire, Francois"]
[Result "1-0"]
[WhiteElo "2241"]
[BlackElo "2178"]
[PlyCount "145"]
[GameId "2160767909305323"]
[EventDate "2013.07.21"]
[EventType "swiss"]
[EventRounds "9"]
[EventCountry "CAN"]

1. Nf3 Nf6 2. c4 e6 3. b3 b6 4. g3 Bb7 5. Bg2 c5 6. Bb2 Be7 7. O-O O-O 8. d3 d5 9. Ne5 Nc6 10. Nxc6 Bxc6 11. Nd2 Qc7 12. cxd5 Nxd5 13. Rc1 Rac8 14. Nc4 Rfd8 15. Qd2 Nb4 16. Bxc6 Nxc6 17. Qe3 Qd7 18. Ne5 Nxe5 19. Bxe5 f6 20. Bb2 e5 21. Rc4 Bf8 22. Rfc1 Qd5 23. Re4 Bd6 24. Qf3 Rf8 25. Qf5 g6 26. Qd7 Rc7 27. Qb5 Rfc8 28. Ra4 Qe6 29. Re4 Qf7 30. Qa6 Qd5 31. Ra4 Rf8 32. Rh4 Rcf7 33. Qa4 f5 34. Qc4 Qxc4 35. Rhxc4 Re7 36. Ba3 Kf7 37. Rh4 Ke6 38. Ra4 Rd8 39. Kg2 Red7 40. Bb2 Be7 41. h3 Bg5 42. f4 exf4 43. gxf4 Bf6 44. Bxf6 Kxf6 45. Kf3 Re8 46. h4 Rde7 47. e4 Rd8 48. e5+ Ke6 49. Ke3 Red7 50. Rd1 a5 51. Rc4 h6 52. d4 Kf7 53. a3 g5 54. hxg5 hxg5 55. fxg5 Kg6 56. b4 axb4 57. axb4 cxd4+ 58. Kf4 b5 59. Rc6+ Kg7 60. Rd3 Rd5 61. Rf6 Rc8 62. Kxf5 Rc3 63. Rxc3 dxc3 64. Rc6 Rd3 65. Rc7+ Kf8 66. g6 Rf3+ 67. Ke6 Rg3 68. g7+ Kg8 69. Kd6 Rxg7 70. Rxc3 Rg4 71. Kc5 Re4 72. Kxb5 Rxe5+ 73. Rc5 1-0

[Event "Quebec op inv."]
[Site "Montreal CAN"]
[Date "2013.07.24"]
[Round "5.24"]
[White "Berube, Antoine"]
[Black "Zhou, Qiyu"]
[Result "1-0"]
[WhiteElo "2174"]
[BlackElo "1902"]
[PlyCount "121"]
[GameId "2160767909305324"]
[EventDate "2013.07.21"]
[EventType "swiss"]
[EventRounds "9"]
[EventCountry "CAN"]

1. Nf3 Nf6 2. g3 e6 3. Bg2 d5 4. O-O Be7 5. d4 O-O 6. c4 dxc4 7. Qc2 a6 8. a4 Bd7 9. Qxc4 Bc6 10. Bf4 Nd5 11. Bd2 Nd7 12. Nc3 N7b6 13. Qb3 Qe8 14. a5 Nxc3 15. Qxc3 Nd5 16. Qb3 Nf6 17. Rfc1 Bd5 18. Qc2 Rc8 19. b4 Qb5 20. e3 Be4 21. Qb2 Nd5 22. Bf1 Bd3 23. Bxd3 Qxd3 24. Ne5 Qb5 25. Rab1 Rfd8 26. Qb3 Qe2 27. Be1 c6 28. Rc2 Qh5 29. Kg2 Bd6 30. Nd3 Qg6 31. Re2 f5 32. Bd2 Kf7 33. Rbe1 Nf6 34. f3 Qh5 35. e4 fxe4 36. fxe4 Ng4 37. h3 Nh6 38. Rf2+ Ke7 39. Ref1 Rf8 40. e5 Bc7 41. Rxf8 Rxf8 42. Rxf8 Kxf8 43. Nf4 Qf7 44. Qxe6 Bd8 45. Qc8 Ke8 46. Ne6 Qd7 47. Qxd7+ Kxd7 48. Nxd8 Kxd8 49. Bxh6 gxh6 50. Kf3 Ke7 51. Ke4 Ke6 52. g4 Ke7 53. Kf5 Kf7 54. e6+ Ke7 55. Ke5 Ke8 56. Kd6 Kd8 57. e7+ Ke8 58. Ke6 h5 59. gxh5 h6 60. h4 c5 61. d5 1-0

[Event "Quebec op inv."]
[Site "Montreal CAN"]
[Date "2013.07.24"]
[Round "5.25"]
[White "Cao, Jason"]
[Black "Tessier-Desrosiers, Olivier"]
[Result "1-0"]
[WhiteElo "2060"]
[BlackElo "2106"]
[PlyCount "69"]
[GameId "2160767909305325"]
[EventDate "2013.07.21"]
[EventType "swiss"]
[EventRounds "9"]
[EventCountry "CAN"]

1. e4 c5 2. Nf3 Nf6 3. Nc3 e6 4. e5 Nd5 5. Nxd5 exd5 6. d4 Nc6 7. dxc5 Bxc5 8. Qxd5 d6 9. exd6 Qb6 10. Qe4+ Be6 11. Qh4 f6 12. Bd3 O-O-O 13. O-O Rxd6 14. Qg3 Rhd8 15. Qxg7 Rg8 16. Qxh7 Rd7 17. Qh4 Rdg7 18. g3 Rg4 19. Qxf6 Ne7 20. Ng5 R4xg5 21. Bxg5 Nd5 22. Qh6 Bf8 23. Qh4 Qc7 24. Rfe1 Bd7 25. Rad1 Nb6 26. Bf5 Bc5 27. Bf4 Bxf2+ 28. Kxf2 Qc5+ 29. Kf1 Bxf5 30. Re5 Qc4+ 31. Kg1 Bd7 32. Re3 Nd5 33. Qh7 Nf6 34. Rc3 Qxc3 35. Qxg8+ 1-0

[Event "Quebec op inv."]
[Site "Montreal CAN"]
[Date "2013.07.24"]
[Round "5.26"]
[White "Wan, Kevin"]
[Black "Morin, Yves"]
[Result "1/2-1/2"]
[WhiteElo "2006"]
[BlackElo "2185"]
[PlyCount "137"]
[GameId "2160767909305326"]
[EventDate "2013.07.21"]
[EventType "swiss"]
[EventRounds "9"]
[EventCountry "CAN"]

1. e4 d6 2. d4 Nf6 3. Bd3 e5 4. Nf3 exd4 5. Nxd4 Be7 6. O-O O-O 7. c4 Re8 8. Nc3 c6 9. Qc2 Na6 10. a3 Nc5 11. f3 a5 12. Be3 Bf8 13. b4 axb4 14. axb4 Rxa1 15. Rxa1 Nxd3 16. Qxd3 Qe7 17. Nc2 Nd7 18. Qe2 Qe5 19. Bd4 Qe6 20. Re1 Ne5 21. Ne3 Nd7 22. Nc2 g6 23. Kf2 Ne5 24. Ne3 Bg7 25. Rd1 Bf8 26. c5 h5 27. cxd6 Bxd6 28. Bc5 Bc7 29. Na4 Qf6 30. Bb6 Bb8 31. Kg1 h4 32. h3 Qg5 33. Ng4 Nxg4 34. hxg4 Qe5 35. Qf2 Qh2+ 36. Kf1 Be6 37. Nb2 Qe5 38. Bd4 Qb5+ 39. Kg1 Bg3 40. Qe3 Kh7 41. Bc3 Be5 42. Bxe5 Qxe5 43. Nd3 Qg3 44. Nf2 Ra8 45. Qc3 Ra2 46. Rd2 h3 47. Nd3 Ra8 48. Qe5 Qxe5 49. Nxe5 Ra1+ 50. Kh2 hxg2 51. Kxg2 Rb1 52. Rd4 Kg7 53. Kf2 Kf6 54. Nd3 Ke7 55. Nc5 Bc8 56. Ke3 g5 57. Nd3 Be6 58. Nc5 Bc8 59. Nd3 Rb3 60. Kd2 Rb1 61. Nc5 Rf1 62. Ke2 Rb1 63. Nd3 Ra1 64. Ke3 Ra3 65. Kf2 Be6 66. Ke2 f6 67. e5 Bd5 68. exf6+ Kxf6 69. Ke3 1/2-1/2

[Event "Quebec op inv."]
[Site "Montreal CAN"]
[Date "2013.07.24"]
[Round "5.27"]
[White "Lo, Ryan"]
[Black "Ibrahim, Anthony"]
[Result "0-1"]
[WhiteElo "2068"]
[BlackElo "2161"]
[PlyCount "72"]
[GameId "2160767909305327"]
[EventDate "2013.07.21"]
[EventType "swiss"]
[EventRounds "9"]
[EventCountry "CAN"]

1. d4 Nf6 2. c4 e6 3. Nc3 Bb4 4. e3 O-O 5. Bd3 d5 6. Nf3 c5 7. a3 Bxc3+ 8. bxc3 b6 9. O-O dxc4 10. Bxc4 Bb7 11. a4 Nbd7 12. Ba3 Qc7 13. Be2 Rfd8 14. h3 e5 15. Qb3 Rac8 16. Rac1 Bd5 17. Qb1 Re8 18. Rfd1 exd4 19. cxd4 c4 20. Bxc4 Bxc4 21. Nd2 b5 22. axb5 Nb6 23. Nxc4 Nxc4 24. Bc5 Nb6 25. Rd3 Qd7 26. Ra3 Rc7 27. f3 Rec8 28. Rc2 Nfd5 29. Rca2 Nc4 30. Rxa7 Nc3 31. b6 Nxb1 32. Rxc7 Rxc7 33. bxc7 Nba3 34. Bxa3 Qxc7 35. Bc5 h5 36. e4 Qg3 0-1

[Event "Quebec op inv."]
[Site "Montreal CAN"]
[Date "2013.07.25"]
[Round "6"]
[White "Chirila, Ioan Christian"]
[Black "Gerzhoy, Leonid"]
[Result "1/2-1/2"]
[WhiteElo "2428"]
[BlackElo "2462"]
[PlyCount "52"]
[GameId "2160767909305328"]
[EventDate "2013.07.21"]
[EventType "swiss"]
[EventRounds "9"]
[EventCountry "CAN"]

1. d4 d5 2. c4 e6 3. Nc3 c6 4. e4 dxe4 5. Nxe4 Bb4+ 6. Bd2 Qxd4 7. Bxb4 Qxe4+ 8. Ne2 Na6 9. Bf8 Ne7 10. Bxg7 Nb4 11. Bxh8 e5 12. a3 Nd3+ 13. Kd2 Bf5 14. f3 Qxc4 15. Qc2 Qh4 16. Ng3 Qh6+ 17. Kd1 O-O-O 18. Nxf5 Nxf5 19. Qxd3 Ne3+ 20. Ke2 Rxd3 21. Kxd3 Qd6+ 22. Kc3 Qd4+ 23. Kb3 Qd5+ 24. Kc3 a5 25. Re1 Qd4+ 26. Kb3 Qd5+ 1/2-1/2

[Event "Quebec op inv."]
[Site "Montreal CAN"]
[Date "2013.07.25"]
[Round "6.5"]
[White "Perez Rodriguez, Luis Manuel"]
[Black "Hambleton, Aman"]
[Result "0-1"]
[WhiteElo "2427"]
[BlackElo "2480"]
[PlyCount "54"]
[GameId "2160767909305329"]
[EventDate "2013.07.21"]
[EventType "swiss"]
[EventRounds "9"]
[EventCountry "CAN"]

1. e4 c5 2. Nf3 e6 3. c3 Nf6 4. e5 Nd5 5. d4 cxd4 6. cxd4 d6 7. Bc4 Nc6 8. O-O Be7 9. Qe2 O-O 10. Nc3 Nxc3 11. bxc3 dxe5 12. dxe5 Qc7 13. Qe4 b6 14. Bg5 Bb7 15. Bd3 g6 16. Qh4 Bxg5 17. Nxg5 h5 18. Rae1 Rad8 19. Re3 Nxe5 20. Qg3 Qd6 21. Be4 Ba6 22. Rfe1 Ng4 23. f4 Nxe3 24. Rxe3 Qd1+ 25. Re1 Qg4 26. Qe3 Rd1 27. Kf2 Qh4+ 0-1

[Event "Quebec op inv."]
[Site "Montreal CAN"]
[Date "2013.07.25"]
[Round "6.11"]
[White "Adithya, B."]
[Black "Sambuev, Bator"]
[Result "1/2-1/2"]
[WhiteElo "2301"]
[BlackElo "2530"]
[PlyCount "125"]
[GameId "2160767909305331"]
[EventDate "2013.07.21"]
[EventType "swiss"]
[EventRounds "9"]
[EventCountry "CAN"]

1. Nf3 g6 2. g3 Bg7 3. Bg2 c5 4. c4 Nc6 5. Nc3 e5 6. a3 a5 7. d3 d6 8. O-O Nge7 9. Ne1 O-O 10. Nc2 Nd4 11. Nxd4 exd4 12. Nb5 h6 13. Bf4 Ra6 14. b4 g5 15. Bd2 a4 16. Rb1 Ng6 17. e3 dxe3 18. Bxe3 f5 19. Qh5 Ne5 20. Bd5+ Kh7 21. d4 Ng4 22. dxc5 Nxe3 23. fxe3 dxc5 24. bxc5 g4 25. Rbd1 Qe7 26. Nd6 Qxe3+ 27. Kh1 Bd7 28. Nxf5 Qe2 29. Rfe1 Qxd1 30. Rxd1 Bxf5 31. Bxb7 Ra5 32. Re1 Rxc5 33. Re8 Rf6 34. Bd5 Rxd5 35. cxd5 Bg6 36. Qxg4 Bxe8 37. Qe4+ Bg6 38. Qxa4 Rf2 39. g4 Rd2 40. h3 Rxd5 41. Qa7 Rd2 42. a4 Be4+ 43. Kg1 Bc6 44. Kf1 Rd7 45. Qe3 Rd1+ 46. Ke2 Rd4 47. Qf2 Bxa4 48. Qf5+ Kh8 49. Qc8+ Kh7 50. Qf5+ Kg8 51. Qe6+ Kf8 52. Qf5+ Ke7 53. Qh7 Kf7 54. Qf5+ Bf6 55. Qh7+ Bg7 56. Qf5+ Bf6 57. Qh7+ Ke6 58. Qf5+ Ke7 59. Qh7+ Kd6 60. Qxh6 Re4+ 61. Kd3 Rd4+ 62. Ke3 Ke7 63. Qxf6+ 1/2-1/2

[Event "Quebec op inv."]
[Site "Montreal CAN"]
[Date "2013.07.25"]
[Round "6.13"]
[White "Cheng, Bindi"]
[Black "Song, Michael"]
[Result "1-0"]
[WhiteElo "2406"]
[BlackElo "2242"]
[PlyCount "137"]
[GameId "2160767909305332"]
[EventDate "2013.07.21"]
[EventType "swiss"]
[EventRounds "9"]
[EventCountry "CAN"]

1. g3 g6 2. Bg2 Bg7 3. e4 c5 4. f4 Nc6 5. Nf3 d6 6. d3 Nf6 7. O-O O-O 8. h3 Nd4 9. Nh4 e6 10. c3 Nc6 11. a4 d5 12. Na3 b6 13. Kh2 Bb7 14. e5 Ne8 15. Qe2 Nc7 16. Nf3 Na5 17. Qc2 Rc8 18. b4 cxb4 19. cxb4 Nc6 20. Qb2 Qd7 21. Bd2 Ne7 22. b5 Rfd8 23. d4 a6 24. Rfc1 axb5 25. axb5 Ra8 26. Bf1 Bf8 27. g4 Nc8 28. Nc2 Rxa1 29. Rxa1 Ne7 30. Ne3 Ra8 31. Rxa8 Bxa8 32. Bb4 Nc8 33. Bxf8 Kxf8 34. f5 exf5 35. gxf5 gxf5 36. Bd3 Ne7 37. Ng5 Kg8 38. Qg2 Ne8 39. Qf2 h6 40. Nxf5 Nxf5 41. Bxf5 Qe7 42. Nh7 Bb7 43. Bc2 Kg7 44. Qg3+ Kh8 45. Qf4 Kg7 46. Qf2 Ba8 47. Kg2 Bb7 48. Kh2 Ba8 49. Qg3+ Kh8 50. Qf4 Kg7 51. Qg4+ Kh8 52. h4 Bb7 53. Qf4 Kg7 54. Bf5 Qc7 55. Nf6 Qd8 56. Qg4+ Kf8 57. Qg8+ Ke7 58. Qxe8+ Qxe8 59. Nxe8 Kxe8 60. Kg3 Ke7 61. Kg4 f6 62. Kf4 Kf7 63. Bd7 fxe5+ 64. Kxe5 Ke7 65. Be6 h5 66. Kf5 Kd6 67. Kf6 Kc7 68. Ke5 Kd8 69. Kd6 1-0

[Event "Quebec op inv."]
[Site "Montreal CAN"]
[Date "2013.07.25"]
[Round "6.18"]
[White "Calugar, Arthur"]
[Black "Van Heirzeele, Daniel"]
[Result "1-0"]
[WhiteElo "2282"]
[BlackElo "2116"]
[PlyCount "57"]
[GameId "2160767909305336"]
[EventDate "2013.07.21"]
[EventType "swiss"]
[EventRounds "9"]
[EventCountry "CAN"]

1. e4 c5 2. Nf3 d6 3. d4 cxd4 4. Nxd4 Nf6 5. Nc3 g6 6. Be3 Bg7 7. f3 Nc6 8. Qd2 O-O 9. Bc4 Bd7 10. O-O-O Rb8 11. Bb3 Na5 12. Bh6 Bxh6 13. Qxh6 e5 14. Nde2 b5 15. h4 b4 16. Nd5 Nxb3+ 17. cxb3 Nxd5 18. Rxd5 Rb6 19. h5 g5 20. f4 Bg4 21. fxg5 Bxe2 22. g6 fxg6 23. hxg6 Qe7 24. Rd2 Rc6+ 25. Kb1 Bg4 26. Rd3 Rf4 27. Rg3 Qg7 28. gxh7+ Kf7 29. Qxg7+ 1-0

[Event "Quebec op inv."]
[Site "Montreal CAN"]
[Date "2013.07.25"]
[Round "6.19"]
[White "Tomb, Maroun"]
[Black "Kleinman, Michael"]
[Result "0-1"]
[WhiteElo "2133"]
[BlackElo "2298"]
[PlyCount "156"]
[GameId "2160767909305337"]
[EventDate "2013.07.21"]
[EventType "swiss"]
[EventRounds "9"]
[EventCountry "CAN"]

1. c4 g6 2. Nc3 c5 3. g3 Bg7 4. Bg2 Nc6 5. Nf3 d6 6. O-O Bf5 7. d3 Qd7 8. e3 Bh3 9. d4 Bxg2 10. Kxg2 cxd4 11. exd4 Nf6 12. Nd5 O-O 13. Nxf6+ Bxf6 14. Bh6 Rfc8 15. Qd2 d5 16. c5 b6 17. Rac1 bxc5 18. Rxc5 Nd8 19. Rfc1 Rxc5 20. Rxc5 Nb7 21. Rc1 Nd6 22. Bf4 Nc4 23. Qb4 a5 24. Qc3 a4 25. b3 axb3 26. axb3 Nd6 27. Bxd6 Qxd6 28. Qc5 Qd7 29. Qb6 Kg7 30. Qc6 Qxc6 31. Rxc6 Rb8 32. Rc3 h5 33. h4 Kf8 34. Kf1 Rb4 35. Rd3 Ke8 36. Ke2 Kd7 37. Kd2 Rb7 38. Rc3 Kd6 39. Kd3 Rb4 40. Ke3 Bg7 41. Kd3 Kd7 42. Ke3 Ke6 43. Rd3 Bh6+ 44. Ke2 f6 45. Ne1 Rb7 46. Rc3 Kd6 47. f4 e5 48. fxe5+ fxe5 49. dxe5+ Kxe5 50. Rc6 Kf5 51. Rd6 Rxb3 52. Rxd5+ Ke4 53. Rd6 Rxg3 54. Kf2 Bf4 55. Re6+ Kf5 56. Ra6 Rb3 57. Ng2 Be5 58. Ne3+ Ke4 59. Nc4 Bd4+ 60. Kg2 Kd5 61. Rxg6 Kxc4 62. Rg5 Bf6 63. Rxh5 Kd4 64. Rf5 Be5 65. Rf3 Rb2+ 66. Rf2 Rb7 67. Kf3 Rf7+ 68. Kg2 Rg7+ 69. Kf1 Rh7 70. Ra2 Ke4 71. Ra4+ Bd4 72. Kg2 Rxh4 73. Ra8 Rg4+ 74. Kh3 Rg6 75. Ra3 Be3 76. Ra5 Kf3 77. Rh5 Bf4 78. Rh4 Rg1 0-1

[Event "Quebec op inv."]
[Site "Montreal CAN"]
[Date "2013.07.25"]
[Round "6.21"]
[White "Cao, Jason"]
[Black "Berube, Antoine"]
[Result "0-1"]
[WhiteElo "2060"]
[BlackElo "2174"]
[PlyCount "100"]
[GameId "2160767909305339"]
[EventDate "2013.07.21"]
[EventType "swiss"]
[EventRounds "9"]
[EventCountry "CAN"]

1. e4 c5 2. Nf3 d6 3. d4 cxd4 4. Nxd4 Nf6 5. Nc3 a6 6. Be3 e5 7. Nb3 Be6 8. f3 Be7 9. Qd2 O-O 10. O-O-O a5 11. a4 Nc6 12. g4 Nb4 13. Kb1 Rc8 14. g5 Nd7 15. h4 Nb6 16. Qf2 Nxa4 17. Nxa4 Rxc2 18. Nd2 Qd7 19. Nb6 Qc6 20. Ndc4 Bxc4 21. Bxc4 Rxc4 22. Rd2 Bd8 23. Nxc4 Qxc4 24. b3 Qxb3+ 25. Ka1 Be7 26. Qe2 Rc8 27. Rb2 Qa4+ 28. Kb1 d5 29. Rc1 Rxc1+ 30. Bxc1 d4 31. Qc4 Qc6 32. Qb3 b5 33. Qa3 Qc7 34. Bd2 g6 35. Qb3 Qc4 36. Qd1 Qd3+ 37. Kc1 Qc4+ 38. Kb1 Qd3+ 39. Kc1 Qa3 40. Kb1 Kg7 41. h5 Qd3+ 42. Kc1 gxh5 43. Qh1 Qa3 44. Kb1 Nd3 45. Ra2 Qb3+ 46. Ka1 Bb4 47. Bxb4 Qxb4 48. Re2 Qa3+ 49. Kb1 Qb3+ 50. Ka1 b4 0-1

[Event "Quebec op inv."]
[Site "Montreal CAN"]
[Date "2013.07.25"]
[Round "6.22"]
[White "Rodriguez, Eric"]
[Black "Villavieja, Butch"]
[Result "1-0"]
[WhiteElo "2290"]
[BlackElo "2211"]
[PlyCount "79"]
[GameId "2160767909305340"]
[EventDate "2013.07.21"]
[EventType "swiss"]
[EventRounds "9"]
[EventCountry "CAN"]

1. e4 c5 2. c3 d6 3. d4 Nf6 4. Bd3 Nc6 5. Nf3 cxd4 6. cxd4 d5 7. e5 Ne4 8. Nc3 Nxc3 9. bxc3 Qa5 10. Bd2 e6 11. O-O Qd8 12. c4 dxc4 13. Bxc4 Be7 14. Qe2 O-O 15. Qe4 Nb4 16. h4 Rb8 17. Ng5 Bxg5 18. Bxg5 Qd7 19. a3 b5 20. Bxe6 Qxe6 21. axb4 Bb7 22. Qe3 a6 23. Qg3 Kh8 24. f4 Qd5 25. f5 Qxd4+ 26. Kh2 Rbc8 27. f6 g6 28. Rac1 Rfe8 29. e6 Rxe6 30. Rfd1 Qe4 31. Rxc8+ Bxc8 32. Rd8+ Re8 33. Qd6 Kg8 34. Qe7 Qxe7 35. fxe7 Bd7 36. Rxd7 f5 37. Rd8 Kf7 38. Rxe8 Kxe8 39. Kg3 h6 40. Bf6 1-0

[Event "Quebec op inv."]
[Site "Montreal CAN"]
[Date "2013.07.25"]
[Round "6.23"]
[White "Sapozhnikov, Roman"]
[Black "Masse, Hugues"]
[Result "1-0"]
[WhiteElo "2272"]
[BlackElo "2187"]
[PlyCount "191"]
[GameId "2160767909305341"]
[EventDate "2013.07.21"]
[EventType "swiss"]
[EventRounds "9"]
[EventCountry "CAN"]

1. e4 e6 2. d4 d5 3. Nc3 Nc6 4. Nf3 Nf6 5. e5 Ne4 6. Bd3 Bb4 7. Bd2 Nxd2 8. Qxd2 f6 9. Bb5 Bd7 10. exf6 Qxf6 11. Bxc6 Bxc6 12. O-O O-O 13. a3 Bd6 14. Rae1 Bd7 15. Ne5 Rad8 16. f4 c6 17. Na2 Be8 18. Nc1 Bg6 19. Ncd3 Bxd3 20. Qxd3 Bxe5 21. Rxe5 Rde8 22. g3 Qg6 23. Qb3 Rf7 24. Rf2 Ree7 25. Qb4 Rd7 26. Rfe2 Rf6 27. f5 Qg4 28. fxe6 Qf3 29. Qe1 Re7 30. R2e3 Qg4 31. Qe2 Qxd4 32. c3 Qc5 33. b4 Qb6 34. Kg2 Qd8 35. Rf3 Qf8 36. Rxf6 Qxf6 37. Qe3 h6 38. g4 Qg6 39. Kg3 a6 40. a4 Kh7 41. h4 Qf6 42. g5 Qg6 43. Qe2 h5 44. c4 Kg8 45. cxd5 cxd5 46. Qd1 Kh7 47. Qxd5 Qe8 48. a5 Qc8 49. Qe4+ g6 50. Rc5 Qd8 51. Qd5 Qb8+ 52. Qe5 Qd8 53. Rd5 Qe8 54. Rd6 Qa4 55. Qe4 Qb3+ 56. Rd3 Qb1 57. Kg2 Qc2+ 58. Kh3 Qb1 59. Qf3 Qe1 60. Rd6 Qe5 61. Rb6 Rc7 62. Rxb7 Qxe6+ 63. Kg2 Rxb7 64. Qxb7+ Kg8 65. Qb8+ Kh7 66. Qc7+ Kg8 67. Qd8+ Kh7 68. Qc7+ Kg8 69. Qd8+ Kh7 70. Qd4 Qe2+ 71. Kg3 Qe1+ 72. Kf3 Qh1+ 73. Ke3 Qe1+ 74. Kd3 Qf1+ 75. Kd2 Qg2+ 76. Kc3 Qf3+ 77. Qd3 Qb7 78. Kb3 Qc6 79. Kb2 Qg2+ 80. Ka3 Qc6 81. Qe3 Qd7 82. Qf3 Qe6 83. Qc3 Qd6 84. Qe3 Qd7 85. Qe4 Qc7 86. Kb3 Qd7 87. Kc3 Qc7+ 88. Qc4 Qb7 89. Kb2 Qg2+ 90. Qc2 Qb7 91. Ka3 Qd7 92. Qc4 Qd6 93. Qf7+ Kh8 94. Qf6+ Qxf6 95. gxf6 g5 96. b5 1-0

[Event "Quebec op inv."]
[Site "Montreal CAN"]
[Date "2013.07.25"]
[Round "6.24"]
[White "Hamilton, Robert"]
[Black "Ibrahim, Anthony"]
[Result "1/2-1/2"]
[WhiteElo "2251"]
[BlackElo "2161"]
[PlyCount "86"]
[GameId "2160767909305342"]
[EventDate "2013.07.21"]
[EventType "swiss"]
[EventRounds "9"]
[EventCountry "CAN"]

1. d4 Nf6 2. c4 e6 3. Nf3 b6 4. g3 Bb7 5. Bg2 Be7 6. Nc3 d5 7. Bg5 O-O 8. Bxf6 Bxf6 9. cxd5 exd5 10. O-O Re8 11. b4 c5 12. bxc5 bxc5 13. Rc1 c4 14. e3 Bc6 15. Nd2 Qa5 16. Rc2 Rd8 17. Qe2 Qc7 18. Rb1 Na6 19. e4 Re8 20. e5 Rad8 21. Nf1 Bxe5 22. Qd2 Bf6 23. Ne3 Qa5 24. Ncxd5 Qxd2 25. Nxf6+ gxf6 26. Rxd2 Bxg2 27. Kxg2 c3 28. Rc2 Rxd4 29. Rxc3 Rd2 30. a3 Nc5 31. Ng4 Nd7 32. Rb7 Kg7 33. Rcc7 Re7 34. Rxa7 h5 35. Ne3 Rxe3 36. Rxd7 Rxd7 37. Rxd7 Rxa3 38. Rd2 Kg6 39. Kh3 Ra4 40. f4 Ra3 41. Kh4 Ra5 42. Rd8 Kg7 43. Rd6 Rb5 1/2-1/2